| 000 | 00442nam a2200181Ia 4500 | ||
|---|---|---|---|
| 001 | 4021 | ||
| 005 | 20260306145725.0 | ||
| 008 | 260306t2023||||xx |||||||||||||| ||spa|| | ||
| 041 | _aESP | ||
| 082 |
_a306.440985 _bI87 |
||
| 100 |
_aItier, César, _eAUT |
||
| 245 | 0 | _aPalabras clave de la sociedad y la cultura incas | |
| 260 | _c2023 | ||
| 300 |
_a390 páginas : _c24 cm. |
||
| 650 | _aGEN | ||
| 654 | _aCHU | ||
| 942 |
_cLIB _dJUS _fJUS _2ddc _n |
||
| 999 |
_c4021 _d4021 |
||